000 00901nam a22003137a 4500
001 0068210
003 KOHA_MİRAKIL
005 20260207004751.0
007 ta
008 230201b2018 tu |||gr||||#0|||1|eng |
020 _a9780194024020
040 _aTR-BiSEU
_btur
_cTR-BiSEU
_erda
041 0 _aeng
044 _ctu
050 _aPE1128.R39
_bS74 2018
100 1 _aRaynham, Alex.
245 1 _aStephen Hawking/
_cAlex Raynham ; Alex Raynham.
264 1 _aOxford :
_bOxford University Press
_c2018
300 _a67 pages: illustrated; 22 cm.
336 _ametin
_btxt
_2rdacontent
337 _aaracısız
_bn
_2rdamedia
338 _acilt
_bnc
_2rdacarrier
490 1 _aOxford Bookworms ;
_v2
650 0 _aEnglish lietarture--fiction.
_950397
650 0 _aİngiliz edebiyatı--hikaye.
_950469
830 1 _aOxford Bookworms ;
_v2
_950239
907 _aDil
942 _2lcc
_cBK
999 _c68888
_d68888